000 00699nam a22001937a 4500
005 20220923132524.0
008 220923b mx ||||| |||| 00| 0 spa d
050 0 4 _aB783
_bB78 1972
100 1 _aBruno, Giordano
245 _aLa Cena de las Cenizas /
_cGiordano Bruno. ; Introducción y traduccion Ernesto Schettino M.
250 _a1a edición
260 _aMéxico ;
_bUniversidad Nacional Autónoma de México,
_c1972
300 _a227 p. ;
_c 17 cm.
440 _aFacultad de filosofía y letras ;
_n No. 74
600 _aBruno Giordano
_d(1548-1600) despues de cristo.
650 _aFilosofía
_xRenacimiento
700 1 _aSchettino M., Ernesto
_eintro.
_etr.
942 _2ddc
_cLIB
999 _c164350
_d164348